00461nam a22001817a 450000500170000001000150001702000260003203500140005803700090007208200140008110000210009524500310011626000360014727000420018330000200022570000280024576000060027320250328113644.0 aENG-144318 a9789385485220c360.00 aEN-127850 bDBAD a954.0821 aNair, C. Gopalan aThe Moplah Rebellion 1921/ aNew DelhibVoice Of Indiac2020 a2/18, Ansari Road,bNew Delhie110002 a196p.c22cm(Pb) aC, Gopalan NaireAuthor b1